Metódy diagnostikovania porúch oneskorení v digitálnych systémoch

Salvato in:
Dettagli Bibliografici
Autore principale: Tamáši, Róbert (Autore)
Altri autori: Gramatová, Elena (Relatore della tesi)
Natura: Manoscritto Libro
Lingua:slovacco
Pubblicazione: 2016
Soggetti:
Accesso online:http://is.stuba.sk/zp/portal_zp.pl?podrobnosti=131375
Tags: Aggiungi Tag
Nessun Tag, puoi essere il primo ad aggiungerne!!

MARC

LEADER 00000ntm a22000003a 4500
001 stuzp58958
003 SK-STU
005 20160719155722.5
007 ta
008 150427s2015----xo-----f-mn---000-0-slo-d
040 |a STU  |b slo 
041 0 |a slo 
100 1 |a Tamáši, Róbert  |u 070400  |k Z4  |4 aut  |U FIIT Fakulta informatiky a informačných technológií  |T FIIT Ústav počítačového inžinierstva a aplikovanej informatiky  |X 5838  |U I400  |Y 672  |7 A000005838 
242 0 1 |a Delay faults diagnostics methods for digital systems  |y eng 
245 1 0 |a Metódy diagnostikovania porúch oneskorení v digitálnych systémoch 
260 |c 2016 
650 4 |a poruchy oneskorenia na ceste  |2 slo 
650 4 |a kritické cesty  |2 slo 
650 4 |a vplyv faktorov  |2 slo 
650 4 |a výpočet kritickosti  |2 slo 
650 4 |a pokritie porúch  |2 slo 
650 4 |a factors influence  |2 eng 
650 4 |a path delay faults  |2 eng 
650 4 |a criticality calculation  |2 eng 
650 4 |a fault coverage  |2 eng 
650 4 |a critical paths  |2 eng 
700 1 |a Gramatová, Elena  |u 070400  |k Z8  |4 ths  |U FIIT Fakulta informatiky a informačných technológií  |T FIIT Ústav počítačového inžinierstva a aplikovanej informatiky  |X 4228  |U I400  |Y 672  |7 4228 
856 4 |u http://is.stuba.sk/zp/portal_zp.pl?podrobnosti=131375 
996 |c I*DP113/2016  |l II680  |s P  |a 0  |w stuzp58958_0001 
SQL |a stuzp58958  |b DDP  |c SLO  |d Metódy diagnostikovania porúch oneskorení v digitálnych systémoch  |e 5838  |f Tamáši, Róbert  |g 070400  |h 4228  |i Gramatová, Elena  |j 20160613  |k 211  |l 07  |m http://is.stuba.sk/zp/portal_zp.pl?podrobnosti=131375  |n I-SI2  |o 9.2.5. softvérové inžinierstvo